Zadymiarze na literę ,,P'' Brawl stars 2024 - Statystyki

Ogólne statystyki
  • Ten quiz został rozwiązany 125 razy
  • Średni wynik to 4 z 7
Statystyki odpowiedzi
Rzadkość Zadymiarze na ,,P'' % Poprawnych
Bardzo rzadki Penny
84%
Rzadki Poco
67%
Epicki Pam
66%
Mityczny Pan P
59%
Epicki Piper
57%
Epicki Pearl
28%
Mityczny Pułkownik ruffs
1%
Nie znaleziono quizów pasujących do podanych kryteriów
Rozkład punktacji
Procent ludzi z każdym wynikiem
Percentyl według liczby udzielonych odpowiedzi
Twoja historia wyników
Nie rozwiązałeś tego quizu